000 00491nam a2200181Ia 4500
005 20250508163236.0
008 008 250505s9999 xx 000 0 hin d
037 _aTextual
040 _aFEDL
_beng
_cFEDL
041 _ahin
_2hin
084 _a371.9, DOS
_qFEDL
100 _aDosajh N L
_986725
245 0 _aSamasya balak
260 _aChandigarh, India
_bHaryana Hindi Granth Academy
_c1974
300 _a80p.
942 _cTEXL
_h371.9, DOS
999 _c1381730
_d1381730